000
00264nam a2200121Ia 4500
005
20251222144756.0
008
251222s9999||||xx |||||||||||||| ||spa||
082
_a
810/P81/1995
100
_a
Pound, Ezra
245
0
_a
Personae
264
_b
Pedernal
942
_c
LIB
999
_c
19540
_d
19540